LEADER 01124nam a2200265 4500 001 000000366836 003 CaOOAMICUS 005 20260313104929.0 008 260313s2026 it 000 u ita r 020 $a978-88-372-4156-8 040 $aSeMil$bita 100 1 $aSacchi, Paolo,$d<1930- >.$0(OLS)http://semarc/name/379 245 10$aTra giudaismo e cristianesimo :$briflessioni sul giudaismo antico e medio /$cPaolo Sacchi. 250 $a2. Ed. 264 1$aBrescia :$bMorcelliana,$c2026. 300 $a368 p. ;$c23 cm 490 1 $aATN : Antico e Nuovo Testamento ;$v7 650 4$aGiudaismo.$0(OLS)http://semarc/subject/2880 830 0$aATN : Antico e Nuovo Testamento ;$v7.$0(OLS)http://semarc/title/12318 850 $aSeMil 852 $aSeMil$W1$xVenegono$y1$m2YA E 7$j268438$B257604$CSeMilBibl$Z2$F257604 $81 996 $6020$a978-88-372-4156-8$9(OLS)http://semarc/number/305502 996 $6245$aTra giudaismo e cristianesimo :$briflessioni sul giudaismo antico e medio$9(OLS)http://semarc/title/458629 996 $6264$aBrescia :$bMorcelliana$9(OLS)http://semarc/publisher/29629